Statistics for Food in the Lyrics #2

Click here to take the quiz!

General Stats

  • This quiz has been taken 30 times
  • The average score is 8 of 15

Answer Stats

Lyrics Food % Correct
You can't go to bed without a cup of ___ / And maybe that's the reason that you talk in your sleepTea
79%
His palms are sweaty, knees weak, arms are heavy / There's vomit on his sweater already, mom's _________Spaghetti
76%
I-I-I-I-I-I keep on hoping we'll eat ____ by the oceanCake
72%
Pour some _____ on me / Ooh in the name of loveSugar
69%
There's a stain on my notebook where your ______ cup was / And there's ash in the pages / Now I've got myself lostCoffee
66%
Polly wants a _______ / I think I should get off her firstCracker
59%
Itchi gitchi ya ya da da / Itchi gitchi ya ya here / Mocha-choca-lata ya ya / Creole lady _________Marmalade
59%
______ lips, crystal skies / I could show you incredible thingsCherry
55%
And that's when she lick me like a ________ (I like that) / She lick me like a ________ (I like that)Lollipop
55%
Daisy Dukes / Bikinis on top / Sun-kissed skin / So hot / We'll melt your ________Popsicle
55%
You're my girl, what the doctor ordered / So sweet, you make my mouth water / I want _____ / I want _____Candy
41%
I met her in a club down in old Soho / Where you drink champagne and it tastes just like cherry ____Cola
38%
I love your sushi roll, hotter than ______ / I race for your love, shake and bake, Ricky BobbyWasabi
17%
So she buys an instant cake and she burns her frozen _____ / And goes running for the shelter of a mother's little helperSteak
10%
Took it to my stash spot, 560 State St. / Catch me in the kitchen like the Simmons' whipping ______Pastry
3%

Score Distribution

Percentile by Number Answered

Percent of People with Each Score

Your Score History

You have not taken this quiz